Nezdaniteľná časť základu dane z príjmov fyzických osôb za rok 1997

Problematika nezdaniteľnej časti základu dane. Nezdaniteľné sumy v ročnej výške za kalendárny rok 1997 21 000 Sk. Uplatňovanie nároku daňovníkov na uvedenú sumu.

Salvato in:
Dettagli Bibliografici
Autore principale: Piršelová, Dagmar
Natura: Capitolo di libro
Lingua:slovacco
Soggetti:
Tags: Aggiungi Tag
Nessun Tag, puoi essere il primo ad aggiungerne!!

MARC

LEADER 00000naa a2200000 4500
001 r031039
005 20230912112442.1
041 0 |a slo 
044 |a SK 
245 1 0 |a Nezdaniteľná časť základu dane z príjmov fyzických osôb za rok 1997  |c Dagmar Piršelová 
520 |a Problematika nezdaniteľnej časti základu dane. Nezdaniteľné sumy v ročnej výške za kalendárny rok 1997 21 000 Sk. Uplatňovanie nároku daňovníkov na uvedenú sumu. 
610 2 0 |a dane z príjmov 
610 2 0 |a osoby fyzické 
610 2 0 |a zdaňovanie 
610 2 0 |a 1997 
610 2 0 |a daňovníci 
100 1 |a Piršelová, Dagmar